000 01158nam a2200229Ia 4500
001 L250-16290
003 IT-CnALBA
008 170116s9999||||xx |||||||||||||| ||und||
040 _aIT-CnALBA
_cIT-CnALBA
041 _aITALIANO
100 _aGUERRA ALMERICO, MONS. CANONICO.
245 0 _aIL CONFESSORE SECONDO IL CUORE DI GESÙ. CONSIDERAZIONI PRO POSTE AI SACERDOTI NOVELLI.
250 _a1a ed.
260 _aTORINO
_bSALESIANA EDITRICE TIP. E LIBR.
_c1928 [1° Ed.:1928 - Ed.Ling.Originale: 1928]
300 _a136 p. (prefazione: 3)
500 _aGESÙ MODELLO DEL CONFESSORE. STUDIO NECESSARIO. CARITÀ. PRUDENZA. PAZIENZA. CONFESSIONI SACRILEGHE. DISPOSIZIONI. GIOVANETTI. DONNE. PERSONE PIE. CHIERICI E SACERDOTI. INFERMI E MORIBONDI.
501 _aSocietà San Paolo EM - Piazza San Paolo, 14 - 12051 ALBA (CN) (non commercial uses only) ® Copyright 2017
520 _aGESÙ MODELLO DEL CONFESSORE. STUDIO NECESSARIO. CARITÀ. PRUDENZA. PAZIENZA. CONFESSIONI SACRILEGHE. DISPOSIZIONI. GIOVANETTI. DONNE. PERSONE PIE. CHIERICI E SACERDOTI. INFERMI E MORIBONDI.
650 _aTEOLOGIA PASTORALE
942 _cBK
957 _71
999 _a21038
_bSI
_g Copie: 1
_c275452
_d275452